| 000 | 00000nas##2200000za#4500 |
| 001 | 9.508969 |
| 003 | CaOODSP |
| 005 | 20200325102249 |
| 007 | ta |
| 008 | 150406c2001||||xxc|| m #||||f| |0fre|d |
| 040 | |aCaOODSP|bfre |
| 041 | |aeng |
| 041 | |afre |
| 043 | |an-cn--- |
| 086 | 1 |aBT31-2/2003-III |
| 110 | 1 |aCanada. |bConseil du trésor. |
| 245 | 10|aBudget des dépenses 2002-2003, partie III: rapport sur les plans et les priorités |
| 260 | |aOttawa - Ontario : |bSecrétariat du Conseil du Trésor du Canada |
| 546 | |aBilingue |
| 563 | |aCouverture souple |
| 776 | 0#|tBudget des dépenses 2002-2003. Partie III, Rapport sur les plans et les priorités |w(CaOODSP)9.502578 |
| 776 | 0#|t2002-2003 estimates. Part III, Report on plans and priorities |w(CaOODSP)9.506177 |
| 791 | |t2002-2003 estimates, part III: report on plans and priorities |eeng|w(CaOODSP)9.508968 |